000 00796nam a2200229 i 4500
001 85731
003 ES-MaACL
005 20250926063054.0
007 t|
008 041201s1982 sp ||||1| spa d
020 _a84-7509-138-5
100 1 _aJung, Carl G.,
_d1875-1961
_967282
245 1 0 _aSímbolos de transformación /
_cC. G. Jung ; supervisión y notas de Enrique Butelman.
250 _a[1ª ed. rev. y aum. de "Transformaciones y símbolos de la líbido"].
260 _aBarcelona :
_bPaidós,
_c1982.
300 _a441 p., [16] h. de lám. ;
_c22 cm.
490 1 _aBiblioteca de psicología profunda
700 1 _aButelman, Enrique.
_932935
830 0 _aBiblioteca de psicología profunda
_9179952
852 _aES-MaACL
_jL-9828
_bR.111803
999 _c85731
_d85731